| 000 | | | 03612nmc2a22000003x 450 |
| 001 | | | b9fbf64d-f8c0-49cd-8896-e4cb4b3ef8f6 |
| 005 | | | 20200603151559.0 |
| 100 | ## | $a | 20191009l18741895k l0rusy0189 ca |
| 101 | 0# | $a | rus |
| 102 | ## | $a | RU |
| 200 | 1# | $a | Дело о службе декоратора Михаила Бочарова первого |
| | $j | 15 мая 1864 г. - 13 июля 1895 г. |
| 251 | ## | $c | Дело |
| 300 | ## | $a | Дело |
| 801 | #0 | $a | RU |
| | $b | РГИА |
| | $c | 20191009 |
| | $g | RCR |
| 801 | #1 | $a | RU |
| | $b | ГлавНИВЦ |
| | $c | 20191009 |
| | $2 | rusmarc |
| 801 | #2 | $a | RU |
| | $b | ПБ им. Б.Н. Ельцина |
| | $c | 20200603 |
| | $g | RCR |
| | $2 | rusmarc |
| 850 | ## | $a | РГИА |
| 852 | ## | $a | РГИА |
| | $e | Федеральное казенное учреждение "Российский государственный исторический архив" (РГИА) |
| | $j | 405 |
| 937 | ## | $h | РГИА |
| | $d | 12331260 |
| | $a | ASBIBLIO_SCAN |
| 462 | #0 | $1 | 00160bf8934-2607-467a-9d45-57fefa57c60c |
| | $1 | 2001 |
| | $a | Личные дела служащих Дирекции императорских театров |
| | $1 | 251 |
| | $c | Опись |
| | $1 | 852 |
| | $j | 5 |
| 461 | #0 | $1 | 0019264ebf8-de62-4f1a-9eb4-9f22098dbbd5 |
| | $1 | 2001 |
| | $a | Дирекция императорских театров МИДв |
| | $1 | 251 |
| | $c | Фонд |
| | $1 | 852 |
| | $j | 497 |
| 215 | ## | $a | 142 л. |
| | $d | 36,5х26 см |
| 371 | ## | $a | Документ не является опубликованным и широко распространяемым |
| 105 | ## | $a | y### |
| 122 | 2# | $a | d |
| 035 | ## | $a | b9fbf64d-f8c0-49cd-8896-e4cb4b3ef8f6 |
| 856 | ## | $u | http://readingroom.main.prlib.ru/item.aspx?id_node=n145064520&mode=full |